| 000 | 00401nam a2200157Ia 4500 | ||
|---|---|---|---|
| 008 | 210210b1987 xxu||||| |||| 00| 0 eng d | ||
| 020 | _a81 207 0771 0 | ||
| 082 | _a613.7046 PANY | ||
| 100 | _aPANDIT (M P). | ||
| 245 | _aYoga for the modern man. | ||
| 260 |
_aN Delhi _bSterling Publishers Pvt Ltd., _c1987 |
||
| 300 | _avi,115 | ||
| 650 | _aYoga | ||
| 690 | _aPhysical Fitness | ||
| 906 | _a040578 | ||
| 999 |
_c90354 _d90354 |
||